书目信息 |
| 题名: |
易轻讲生活
|
|
| 作者: | 闻章 著 | |
| 分册: | ||
| 出版信息: | 北京 新世界出版社 2005.09 |
|
| 页数: | 365页 | |
| 开本: | 20cm | |
| 丛书名: | 中国人的老经验 | |
| 单 册: | ||
| 中图分类: | B221-49 | |
| 科图分类: | ||
| 主题词: | 人生哲学--ren sheng zhe xue--通俗读物 | |
| 电子资源: | ||
| ISBN: | 7-80187-823-X | |
| 000 | 00834nam 2200241 450 | |
| 001 | 012007986608 | |
| 005 | 20071008111052.98 | |
| 010 | @a7-80187-823-X@dCNY23.80 | |
| 100 | @a20070726d2005 km y0chiy0120 ea | |
| 101 | 0 | @achi |
| 102 | @aCN@b110000 | |
| 105 | @ay z 000yy | |
| 200 | 1 | @a易轻讲生活@Ayi qing jiang sheng huo@f闻章著@Fwen zhang zhu |
| 210 | @a北京@c新世界出版社@d2005.09 | |
| 215 | @a365页@d20cm | |
| 225 | 2 | @a中国人的老经验@Azhong guo ren de lao jing yan |
| 330 | @a本书作者用浅显的语言,结合社会人生,来解读深奥的《周易》,让它来教我们做人做事的道路,《周易》代表了人类最高的智慧,是经典中的经典,哲学中的哲学。 | |
| 410 | 0 | @12001 @a中国人的老经验 |
| 606 | 0 | @a人生哲学@Aren sheng zhe xue@j通俗读物 |
| 690 | @aB221-49@v4 | |
| 701 | 0 | @a闻章@Awen zhang@4著 |
| 801 | 0 | @aCN@c20071008 |
| 905 | @dB221-49@eW682 | |
| 易轻讲生活/闻章著.-北京:新世界出版社,2005.09 |
| 365页;20cm.-(中国人的老经验) |
| ISBN 7-80187-823-X:CNY23.80 |
| 本书作者用浅显的语言,结合社会人生,来解读深奥的《周易》,让它来教我们做人做事的道路,《周易》代表了人类最高的智慧,是经典中的经典,哲学中的哲学。 |
| ● |
| 相关链接 |
|
|
|
正题名:易轻讲生活
索取号:B221-49/W682
 
预约/预借
| 序号 | 登录号 | 条形码 | 馆藏地/架位号 | 状态 | 备注 |
| 1 | 250300 | 202503004 | 社科库509/ [索取号:B221-49/W682] | 在馆 | |
| 2 | 250301 | 202503013 | 社科库509/509社科库 9排2列3层/ [索取号:B221-49/W682] | 在馆 |